[Event "AUTO-ADV-4088"]
[Site "http://www.queenalice.com/game.php?id=1548295"]
[Date "2018.11.5"]
[Round "1"]
[White "roserl"]
[Black "jck2"]
[Result "0-1"]
[WhiteElo "2065"]
[BlackElo "2005"]

1. e4 d6 2. d4 Nf6 3. Nc3 g6 4. f4 Bg4 5. Nf3 Bg7 6. Be2 O-O 7. O-O c6 8. h3 Bd7
9. Be3 b5 10. a3 a5 11. b4 a4 12. Bd3 Qc7 13. Rc1 Na6 14. d5 cxd5 15. Nxb5 Qc8
16. Nd2 Bxb5 17. Bxb5 Nxe4 18. Nxe4 dxe4 19. Bd4 Nc7 20. Bc6 Ra6 21. Bxe4 d5 22.
Bxg7 Kxg7 23. Qd4+ Kg8 24. Bxd5 Nxd5 25. Qxd5 Rd6 26. Qe5 Re8 27. c4 Qb7 28. c5
Rd2 29. f5 Qxg2# 0-1

[Event "AUTO-OPEN-3990"]
[Site "http://www.queenalice.com/game.php?id=1548530"]
[Date "2018.11.7"]
[Round "1"]
[White "deathbydixxon"]
[Black "jck2"]
[Result "0-1"]
[WhiteElo "1708"]
[BlackElo "1990"]

1. e4 d6 2. d4 Nf6 3. Nc3 g6 4. e5 dxe5 5. dxe5 Qxd1+ 6. Nxd1 Nfd7 7. Nf3 Bg7 8.
Bc4 Nxe5 9. Be2 Nxf3+ 10. Bxf3 c6 11. Ne3 O-O 12. c3 Nd7 13. O-O Ne5 14. Be4 f5
15. Bc2 b5 16. b4 Bb7 17. a4 a6 18. Bb2 Nc4 19. Nxc4 bxc4 20. Rfe1 Rfe8 21. Bd1
a5 22. bxa5 Rxa5 23. Bf3 e5 24. Be2 Ba6 25. Bf3 e4 26. Be2 Rd5 27. Red1 Red8 28.
g3 Bf6 29. Rxd5 cxd5 30. f3 Rb8 31. Ra2 Bc8 32. fxe4 fxe4 33. h4 Rb3 34. a5 Bxc3
35. Bxc3 Rxc3 36. Kf2 Ba6 37. Bg4 d4 38. Rb2 Rb3 39. Rxb3 cxb3 40. Bd1 Bc4 41.
a6 Bxa6 42. Bxb3+ Kg7 43. Bc2 d3 44. Bd1 Kf6 45. g4 g5 46. h5 h6 47. Ke3 Ke5 48.
Bb3 Bc8 49. Bd1 Be6 0-1

[Event "AUTO-OPEN-3990"]
[Site "http://www.queenalice.com/game.php?id=1548531"]
[Date "2018.11.7"]
[Round "1"]
[White "jck2"]
[Black "deathbydixxon"]
[Result "1-0"]
[WhiteElo "1952"]
[BlackElo "1765"]

1. d4 d5 2. c4 dxc4 3. e3 Nf6 4. Bxc4 h6 5. Nc3 e6 6. Nf3 Bb4 7. Bd2 b6 8. O-O
Bb7 9. Qa4+ Nc6 10. Bb5 Qd7 11. Ne5 Qd6 12. Bxc6+ Bxc6 13. Nxc6 O-O 14. Ne4 b5
15. Qc2 Nxe4 16. Bxb4 Qd7 17. Bxf8 Rxf8 18. Qxe4 f5 19. Qf3 g5 20. Ne5 Qe8 21.
Rac1 Qb8 22. Nd7 Qd8 23. Nxf8 Qxf8 24. Rxc7 Qb8 25. Qb7 1-0

[Event "AUTO-OPEN-3990"]
[Site "http://www.queenalice.com/game.php?id=1548554"]
[Date "2018.11.7"]
[Round "1"]
[White "jck2"]
[Black "Joao_07"]
[Result "1-0"]
[WhiteElo "1950"]
[BlackElo "1537"]

1. d4 Nf6 2. c4 e6 3. Nc3 c6 4. Nf3 Bb4 5. Bd2 Bxc3 6. Bxc3 a5 7. a4 O-O 8. e3
d5 9. b3 Ne4 10. Qc2 f5 11. Bd3 Qf6 12. cxd5 exd5 13. Ne5 Nd7 14. O-O Nxc3 15.
Qxc3 f4 16. e4 Nxe5 17. dxe5 Qh4 18. f3 Qg5 19. Kh1 Re8 20. exd5 Rxe5 21. dxc6
Rc5 22. Bc4+ Kh8 23. Rae1 h6 24. Re8+ Kh7 25. Bd3+ g6 26. Qh8# 1-0

[Event "AUTO-OPEN-3990"]
[Site "http://www.queenalice.com/game.php?id=1548555"]
[Date "2018.11.7"]
[Round "1"]
[White "Joao_07"]
[Black "jck2"]
[Result "0-1"]
[WhiteElo "1377"]
[BlackElo "1995"]

1. e4 d6 2. d4 Nf6 3. e5 dxe5 4. dxe5 Qxd1+ 5. Kxd1 Ne4 6. Be3 Bg4+ 7. f3 Bf5 8.
fxe4 Bxe4 9. Nc3 Bg6 10. Bb5+ c6 11. Nd5 Kd8 12. Bxc6 Nxc6 13. Nf3 e6 14. Nc3
Bb4 15. Nb5 Ba5 16. Kc1 a6 17. Nd6 Kc7 18. Bc5 b6 19. Ba3 b5 20. c3 f6 21. exf6
gxf6 22. Re1 e5 23. Ne4 f5 24. Bd6+ Kd7 25. Nxe5+ Nxe5 26. Bxe5 fxe4 27. Rd1+
Ke6 28. Bxh8 Rxh8 0-1

[Event "AUTO-OPEN-3990"]
[Site "http://www.queenalice.com/game.php?id=1548556"]
[Date "2018.11.7"]
[Round "1"]
[White "jck2"]
[Black "somchess"]
[Result "0-1"]
[WhiteElo "1994"]
[BlackElo "1833"]

1. d4 Nf6 2. c4 e6 3. Nc3 d5 4. Nf3 c6 5. e3 Nbd7 6. Qc2 dxc4 7. Bxc4 b5 8. Bd3
Bb7 9. Be2 a6 10. a4 Be7 11. O-O O-O 12. b4 Bxb4 13. Bb2 Rc8 14. Ne4 Nxe4 15.
Qxe4 Nf6 16. Qc2 Be7 17. Qb3 b4 18. a5 c5 19. Ne5 cxd4 20. Bxd4 Bd6 21. Rfd1 Qe7
22. Nf3 e5 23. Bb6 Rc3 24. Qb1 Be4 25. Qa2 Rc2 26. Qb3 Rxe2 27. Ng5 Bc6 28. Rac1
Bb5 29. Rc2 Rxc2 30. Qxc2 h6 31. Nf3 e4 32. Nd4 Bd3 33. Qb3 Bxh2+ 34. Kxh2 Qe5+
35. Kg1 Ng4 36. g3 Qh5 37. Nf3 exf3 0-1

[Event "AUTO-OPEN-3990"]
[Site "http://www.queenalice.com/game.php?id=1548557"]
[Date "2018.11.7"]
[Round "1"]
[White "somchess"]
[Black "jck2"]
[Result "1-0"]
[WhiteElo "2126"]
[BlackElo "2023"]

1. d4 Nf6 2. Nf3 g6 3. Nc3 Bg7 4. e4 O-O 5. e5 Ne8 6. Bc4 d6 7. O-O Nc6 8. exd6
cxd6 9. h3 a6 10. Bg5 b5 11. Bb3 a5 12. Nxb5 a4 13. Bd5 Qb6 14. c4 Nf6 15. Bxc6
Qxc6 16. b3 axb3 17. axb3 Bf5 18. d5 Qd7 19. Rxa8 Rxa8 20. Nfd4 Ra2 21. Nxf5
Qxf5 22. Be3 Nd7 23. Bd4 Bxd4 24. Nxd4 Qf6 25. Nc6 Nc5 26. b4 Ne4 27. Qd4 Qxd4
28. Nxd4 Nd2 29. Rc1 Ra4 30. Nc6 Kf8 31. f3 Nb3 32. Rc3 Nd2 33. Kf2 Ra2 34. Ke1
Nb1 35. Rd3 Na3 36. c5 Nb5 37. Rd2 Ra1+ 38. Ke2 Rb1 39. Kd3 dxc5 40. bxc5 Rc1
41. Ne5 Rc3+ 42. Ke4 Ke8 43. c6 f6 44. Nd7 Nd6+ 45. Kd4 Rc4+ 46. Kd3 Rc5 47.
Nxc5 Nb5 48. Rb2 Nc7 49. Ne6 Nxd5 50. Kd4 1-0

[Event "AUTO-OPEN-3997"]
[Site "http://www.queenalice.com/game.php?id=1550909"]
[Date "2018.11.28"]
[Round "1"]
[White "sia"]
[Black "jck2"]
[Result "1-0"]
[WhiteElo "2071"]
[BlackElo "2007"]

1. e4 d6 2. Nf3 Nf6 3. d3 g6 4. Be2 Bg7 5. O-O O-O 6. Nc3 c6 7. Bg5 Nbd7 8. d4
Qb6 9. Na4 Qb4 10. c3 Qa5 11. b4 Qc7 12. Bxf6 Bxf6 13. Qb3 e5 14. dxe5 Nxe5 15.
Nxe5 Bxe5 16. f4 Bg7 17. Rad1 Be6 18. c4 b5 19. Nc3 a6 20. a4 c5 21. axb5 axb5
22. Nxb5 Qb7 23. Nxd6 Qxb4 24. Qxb4 cxb4 25. e5 b3 26. Rb1 Rfb8 27. Nb5 Ra2 28.
Rf2 b2 29. Bd3 Rba8 30. Rfxb2 Rxb2 31. Rxb2 Bh6 32. g3 Rd8 33. Nd6 Bf8 34. c5
Bd7 35. Be4 Kg7 36. c6 Be6 37. c7 Rxd6 38. exd6 Bxd6 39. Rc2 Bc8 40. Kf2 Kf8 41.
Bd3 Ke7 42. Bb5 f6 43. Re2+ Kf7 44. Re8 Bc5+ 45. Kf3 Bb7+ 46. Ke2 Ba6 47. Bxa6
Kxe8 48. c8=Q+ 1-0

[Event "AUTO-OPEN-3997"]
[Site "http://www.queenalice.com/game.php?id=1550910"]
[Date "2018.11.28"]
[Round "1"]
[White "jck2"]
[Black "sia"]
[Result "1-0"]
[WhiteElo "2005"]
[BlackElo "2048"]

1. d4 d5 2. c4 c6 3. e3 e6 4. Nc3 Bb4 5. Bd2 Nf6 6. Nf3 O-O 7. Qc2 Bxc3 8. Bxc3
Ne4 9. Bd3 Nxc3 10. bxc3 f5 11. cxd5 cxd5 12. O-O Nc6 13. Rab1 b6 14. c4 Ba6 15.
Rfc1 Na5 16. cxd5 Bxd3 17. Qxd3 Qxd5 18. a3 Rac8 19. Ne5 Rxc1+ 20. Rxc1 Rd8 21.
Qa6 Qb7 22. Qxb7 Nxb7 23. h3 Nd6 24. Nc6 Rd7 25. Ne5 Rb7 26. Rc6 Ne8 27. Rxe6
Kf8 28. Nc6 Rc7 29. d5 Nf6 30. Re5 g6 31. Re6 Nxd5 32. Ne5 Re7 33. Rxe7 Nxe7 34.
f4 Nd5 35. Kf2 a5 36. Nc4 Ke7 37. Ke2 a4 38. Kd3 b5 39. Nb2 Kd6 40. Kd4 Nf6 41.
Nd3 Nd5 42. Ne5 b4 43. Nc4+ Kc6 44. axb4 Nxb4 45. Na3 Kb6 46. Kc3 Nd5+ 47. Kd4
Nb4 48. Kc4 h6 49. Kxb4 Kc6 50. Nc4 Kd5 51. Nd2 g5 52. fxg5 hxg5 53. g3 Ke5 54.
Nf3+ Kf6 55. Kxa4 g4 56. hxg4 fxg4 57. Nh2 Kg5 58. Kb4 Kf5 59. Kc4 Ke4 60. Nxg4
Kf3 61. Kd4 Kxg4 62. Ke5 Kxg3 63. Kf5 Kh4 64. e4 Kh5 65. e5 Kh6 66. Kf6 Kh7 67.
Kf7 Kh6 68. e6 Kg5 69. e7 Kf5 70. e8=Q Kf4 71. Qb5 Ke4 72. Qc5 Kf4 73. Qd5 Ke3
74. Qc4 Kf3 75. Qd4 Ke2 76. Qc3 Kf2 77. Qd3 Ke1 78. Qc2 Kf1 79. Qd2 Kg1 80. Qe2
Kh1 81. Kg6 Kg1 82. Kg5 Kh1 83. Kg4 Kg1 84. Kg3 Kh1 85. Qg2# 1-0

[Event "AUTO-OPEN-3997"]
[Site "http://www.queenalice.com/game.php?id=1550932"]
[Date "2018.11.28"]
[Round "1"]
[White "jck2"]
[Black "Xxchess"]
[Result "0-1"]
[WhiteElo "2005"]
[BlackElo "1500"]

1. d4 Nf6 2. c4 g6 3. Nc3 d5 4. e3 Bg7 5. Nf3 O-O 6. cxd5 Nxd5 7. Bd2 b6 8. Bc4
Bb7 9. Qb3 e6 10. O-O c5 11. dxc5 Nxc3 12. Bxc3 Bxf3 13. gxf3 bxc5 14. Qb7 Nd7
15. Rad1 Qg5+ 16. Kh1 Ne5 17. f4 Qh5 18. Qg2 Nxc4 19. Bxg7 Kxg7 20. b3 Na3 21.
Rd7 c4 22. bxc4 Nxc4 23. Rc7 Nd2 24. Rfc1 Nf3 25. R7c5 f5 26. Rc7+ Rf7 27. Rc8
Rxc8 28. Rxc8 h6 29. Rc6 Kf6 30. Rc3 g5 31. fxg5+ hxg5 0-1

[Event "AUTO-OPEN-3997"]
[Site "http://www.queenalice.com/game.php?id=1550945"]
[Date "2018.11.28"]
[Round "1"]
[White "jck2"]
[Black "Scharlatan"]
[Result "0-1"]
[WhiteElo "2002"]
[BlackElo "1965"]

1. d4 Nf6 2. c4 g6 3. Nc3 Bg7 4. e4 d6 5. Nf3 O-O 6. Bd3 e5 7. d5 Nh5 8. O-O f5
9. exf5 gxf5 10. Bg5 Qe8 11. Bc2 Qg6 12. Qd2 e4 13. Nh4 Qf7 14. Bh6 f4 15. Bxg7
Qxg7 16. Bd1 Bg4 17. Bxg4 Qxg4 18. g3 Rf7 19. Ne2 f3 20. Nc3 Nd7 21. h3 Qxh3 22.
Qg5+ Ng7 23. Nxe4 Ne5 24. Nf6+ Rxf6 25. Qxf6 Ng4 26. Qxg7+ Kxg7 0-1

[Event "AUTO-OPEN-3997"]
[Site "http://www.queenalice.com/game.php?id=1550946"]
[Date "2018.11.28"]
[Round "1"]
[White "Scharlatan"]
[Black "jck2"]
[Result "0-1"]
[WhiteElo "1987"]
[BlackElo "2005"]

1. e4 d6 2. d4 Nf6 3. Nc3 g6 4. f4 Bg7 5. Nf3 O-O 6. e5 Nfd7 7. h4 dxe5 8. dxe5
e6 9. Be3 c6 10. h5 Nb6 11. Bxb6 Qxb6 12. hxg6 fxg6 13. Ng5 Qe3+ 14. Be2 Qxf4
15. Nxh7 Qf2+ 16. Kd2 Rd8+ 0-1

[Event "AUTO-ADV-4098"]
[Site "http://www.queenalice.com/game.php?id=1550964"]
[Date "2018.11.28"]
[Round "1"]
[White "Scharlatan"]
[Black "jck2"]
[Result "0-1"]
[WhiteElo "1995"]
[BlackElo "1972"]

1. e4 d6 2. d4 Nf6 3. Nc3 g6 4. Bg5 Bg7 5. Qd2 O-O 6. Bh6 Nc6 7. Bxg7 Kxg7 8.
O-O-O e6 9. f4 e5 10. fxe5 dxe5 11. d5 Nd4 12. Nf3 Bg4 13. Be2 Nxe2+ 14. Qxe2
Re8 15. h3 Bxf3 16. gxf3 Nh5 17. Rdg1 Nf4 18. Qd2 Qd7 19. h4 h5 20. Ne2 Nxe2+
21. Qxe2 c6 22. Rd1 cxd5 23. Rxd5 Qa4 24. Kb1 Rac8 25. Rhd1 Rc6 26. Qd2 b5 27.
b3 Qa3 28. Qc1 Qa5 29. Qd2 Qa3 30. Qc1 Qe7 31. Rh1 Qf6 32. Qe3 a6 33. Rhd1 Qxh4
34. Qa7 Re7 35. Qa8 Rcc7 36. Qxa6 Qf2 37. R1d3 Qxc2+ 38. Ka1 Qc1# 0-1

[Event "AUTO-ADV-4098"]
[Site "http://www.queenalice.com/game.php?id=1550965"]
[Date "2018.11.28"]
[Round "1"]
[White "jck2"]
[Black "Scharlatan"]
[Result "1-0"]
[WhiteElo "1989"]
[BlackElo "2017"]

1. d4 Nf6 2. c4 g6 3. Nc3 Bg7 4. e4 d6 5. Nf3 O-O 6. Be3 c5 7. dxc5 Qa5 8. Qd2
dxc5 9. Qd5 Nc6 10. Qxc5 Qc7 11. Nb5 Qa5+ 12. Bd2 Qd8 13. Rd1 Nd7 14. Qa3 a6 15.
Nc3 Qc7 16. Nd5 Qd8 17. Be2 Nde5 18. O-O Bg4 19. h3 Bxf3 20. Bxf3 e6 21. Ne3
Nxf3+ 22. gxf3 Nd4 23. Ba5 Nxf3+ 24. Kh1 Qh4 25. Kg2 Ng5 26. Ng4 f5 27. exf5
exf5 28. Nh2 Qe4+ 29. Nf3 Be5 30. Bd2 Nxh3 31. Rh1 Qg4+ 32. Kf1 Nxf2 33. Kxf2
Bg3+ 34. Kf1 Qxc4+ 35. Kg2 Qg4 36. Qb3+ Rf7 37. Kf1 Re8 38. Bb4 f4 39. Rxh7 Kxh7
40. Qxf7+ Kh6 41. Bf8+ Rxf8 42. Qxf8+ Kh7 43. Rd7+ Qxd7 44. Ng5# 1-0

[Event "AUTO-ADV-4098"]
[Site "http://www.queenalice.com/game.php?id=1550978"]
[Date "2018.11.28"]
[Round "1"]
[White "jck2"]
[Black "Equiferus"]
[Result "1-0"]
[WhiteElo "1982"]
[BlackElo "1794"]

1. d4 f5 2. c4 g6 3. e3 Nf6 4. Nc3 Bg7 5. Nf3 O-O 6. Be2 d6 7. O-O c5 8. dxc5
dxc5 9. Qc2 Nc6 10. b3 e5 11. Ba3 b6 12. Rad1 Qc7 13. Nb5 Qe7 14. Bb2 Ng4 15. h3
Nf6 16. Rd6 Bb7 17. Qc3 Ne4 18. Qd3 a6 19. Rd7 Qe6 20. Nc7 Qe8 21. Nxe8 1-0

[Event "AUTO-ADV-4098"]
[Site "http://www.queenalice.com/game.php?id=1550979"]
[Date "2018.11.28"]
[Round "1"]
[White "Equiferus"]
[Black "jck2"]
[Result "0-1"]
[WhiteElo "1806"]
[BlackElo "1997"]

1. Nf3 Nf6 2. d4 d6 3. g3 Bg4 4. Bg2 g6 5. O-O Nc6 6. c4 Bg7 7. Nc3 Qc8 8. Qd2
O-O 9. e4 Rd8 10. a3 Na5 11. Qc2 Nxc4 12. b3 Nb6 13. Bg5 e5 14. d5 Bh3 15. Rfe1
Bxg2 16. Kxg2 Qg4 17. h3 Qc8 18. Qd2 c6 19. Rac1 cxd5 20. Nxd5 Qe6 21. Nxf6+
Bxf6 22. Bh6 Qxb3 23. Rc3 Qe6 24. Ng5 Qe7 25. h4 d5 26. exd5 Rxd5 27. Qa2 Bxg5
28. Bxg5 Qd6 29. Rf3 Qd7 30. Bf6 Re8 31. Re4 Re6 32. Qe2 h6 33. g4 Qc6 34. Rxe5
Ra5 35. Rxe6 fxe6 36. Kg1 Nd5 37. Bd4 Qc1+ 38. Kg2 Nf4+ 39. Rxf4 Qxf4 0-1

[Event "AUTO-ADV-4098"]
[Site "http://www.queenalice.com/game.php?id=1550980"]
[Date "2018.11.28"]
[Round "1"]
[White "jck2"]
[Black "maurice91"]
[Result "1-0"]
[WhiteElo "1961"]
[BlackElo "1824"]

1. d4 d5 2. c4 c6 3. e3 Nf6 4. Nc3 e6 5. Nf3 dxc4 6. Bxc4 b5 7. Bb3 Bb7 8. O-O
Bd6 9. Bd2 O-O 10. Bc2 Nbd7 11. e4 Bc7 12. Bg5 Qb8 13. b4 Bd8 14. Bxf6 Nxf6 15.
Qd3 g6 16. e5 Nh5 17. Ne4 Ng7 18. g4 Qc7 19. Qd2 Be7 20. Qh6 f5 21. Neg5 Bxg5
22. Nxg5 Rfc8 23. Qxh7+ Kf8 24. Qh8+ 1-0

[Event "AUTO-ADV-4098"]
[Site "http://www.queenalice.com/game.php?id=1550981"]
[Date "2018.11.28"]
[Round "1"]
[White "maurice91"]
[Black "jck2"]
[Result "0-1"]
[WhiteElo "1827"]
[BlackElo "1972"]

1. d4 Nf6 2. Nf3 d6 3. c4 g6 4. Nc3 Bg7 5. e4 O-O 6. Be2 c5 7. O-O cxd4 8. Nxd4
Bd7 9. f4 Qb6 10. Kh1 Nc6 11. Nb3 e5 12. Bf3 Nd4 13. Nxd4 Qxd4 14. Qxd4 exd4 15.
Nd5 Nxd5 16. cxd5 Rfc8 17. Rb1 Bb5 18. Rf2 Bd3 19. Ra1 Re8 20. e5 dxe5 21. fxe5
Rxe5 22. Bf4 Re7 23. d6 Rd7 24. Rd2 Bb5 25. a4 Bc6 26. Bxc6 bxc6 27. Rc1 Rc8 28.
b4 a6 29. Kg1 g5 30. Bg3 f5 31. Rc5 f4 32. Bf2 Bf6 33. b5 Rxd6 34. b6 Rb8 35. a5
d3 36. g3 fxg3 37. Bxg3 Bd4+ 38. Kg2 Bxc5 39. Bxd6 Bxd6 40. Rxd3 Bb4 41. Rg3 h6
0-1

[Event "Challenge"]
[Site "http://www.queenalice.com/game.php?id=1557080"]
[Date "2019.1.17"]
[Round "-"]
[White "Lapoule"]
[Black "jck2"]
[Result "1-0"]
[WhiteElo "1976"]
[BlackElo "2020"]

1. e4 d6 2. d4 Nf6 3. Bd3 g6 4. Bg5 Bg7 5. e5 dxe5 6. dxe5 Nd5 7. Be4 c6 8. Nf3
O-O 9. Qd2 Bg4 10. Nc3 Nxc3 11. Qxc3 Re8 12. Bf4 Qb6 13. O-O Nd7 14. h3 Bxf3 15.
Bxf3 e6 16. Rfe1 Rac8 17. Rad1 Nf8 18. b3 h6 19. Rd6 Red8 20. Red1 g5 21. Bg3
Ng6 22. Bh5 Nf4 23. Bxf4 gxf4 24. Qf3 Bxe5 25. Bxf7+ Kxf7 26. Qh5+ Ke7 27. Qxe5
Rxd6 28. Qxd6+ Kf6 29. Qxf4+ Kg6 30. Rd7 1-0

[Event "Challenge"]
[Site "http://www.queenalice.com/game.php?id=1559049"]
[Date "2019.2.1"]
[Round "-"]
[White "jck2"]
[Black "Lapoule"]
[Result "0-1"]
[WhiteElo "2023"]
[BlackElo "2013"]

1. d4 Nf6 2. c4 d6 3. Nc3 d5 4. e3 e6 5. Nf3 c5 6. dxc5 Bxc5 7. a3 O-O 8. b4 Be7
9. Bb2 Nc6 10. Bd3 g6 11. c5 d4 12. Nb5 dxe3 13. fxe3 b6 14. cxb6 Qxb6 15. Qc1
a6 16. Nbd4 Nxd4 17. Bxd4 Qd8 18. Qb2 Bb7 19. O-O Qd5 20. Nh4 e5 21. Bxe5 Ng4
22. Bf4 Qxd3 23. h3 Bf6 24. Qb1 Be4 25. Qxd3 Bxd3 26. Rfd1 Bxh4 27. hxg4 Bf6 28.
Rxd3 Bxa1 0-1

[Event "AUTO-ADV-4098"]
[Site "http://www.queenalice.com/game.php?id=1564604"]
[Date "2019.3.18"]
[Round "2"]
[White "Eggchaser"]
[Black "jck2"]
[Result "0-1"]
[WhiteElo "1803"]
[BlackElo "2006"]

1. e4 d6 2. d4 Nf6 3. Nc3 g6 4. Nf3 Bg7 5. h3 c6 6. Bf4 Nbd7 7. Be2 O-O 8. O-O
Qb6 9. Rb1 Re8 10. Qd2 e5 11. dxe5 dxe5 12. Nxe5 Nxe5 0-1

[Event "AUTO-ADV-4098"]
[Site "http://www.queenalice.com/game.php?id=1564605"]
[Date "2019.3.18"]
[Round "2"]
[White "jck2"]
[Black "Eggchaser"]
[Result "1-0"]
[WhiteElo "1995"]
[BlackElo "1817"]

1. d4 Nf6 2. c4 g6 3. Nc3 d5 4. e3 Bg7 5. f4 O-O 6. Nf3 c6 7. Bd3 Nbd7 8. O-O
dxc4 9. Bxc4 Nb6 10. Bb3 Nbd5 11. Qd2 Bf5 12. Re1 Ne4 13. Nxe4 Bxe4 14. Qf2 e6
15. Bc2 Bxc2 16. Qxc2 Qa5 17. Bd2 Qc7 18. Rac1 Rfc8 19. Ng5 h6 20. Ne4 f5 21.
Nc5 Kf7 22. Qa4 Nb6 23. Qb3 Re8 24. Ba5 Bf8 25. Nd3 1-0

[Event "AUTO-ADV-4098"]
[Site "http://www.queenalice.com/game.php?id=1564606"]
[Date "2019.3.18"]
[Round "2"]
[White "chessman"]
[Black "jck2"]
[Result "1-0"]
[WhiteElo "1942"]
[BlackElo "2014"]

1. e4 d6 2. d4 Nf6 3. Bd3 Bg4 4. f3 Bh5 5. Nc3 Nbd7 6. Nge2 c5 7. g4 Bg6 8. h4
h6 9. h5 Bh7 10. Be3 Qb6 11. Rb1 e5 12. d5 Qc7 13. Ng3 c4 14. Be2 a6 15. a4 Qa5
16. Kf2 Nc5 17. Nf5 Nxa4 18. Nxa4 Qxa4 19. b3 cxb3 20. Rxb3 b5 21. Qd3 Qa5 22.
c4 bxc4 23. Qxc4 Bxf5 24. Qc6+ Bd7 25. Qxa8+ Ke7 26. Bb6 1-0

[Event "AUTO-ADV-4098"]
[Site "http://www.queenalice.com/game.php?id=1564607"]
[Date "2019.3.18"]
[Round "2"]
[White "jck2"]
[Black "chessman"]
[Result "1/2-1/2"]
[WhiteElo "2004"]
[BlackElo "2029"]

1. d4 d5 2. c4 c6 3. e3 Nf6 4. Nc3 e6 5. Nf3 Be7 6. Bd3 O-O 7. Qc2 dxc4 8. Bxc4
Re8 9. Bd3 c5 10. O-O cxd4 11. Nxd4 b6 12. Be4 Nd5 13. Bxh7+ Kh8 14. Be4 Bb7 15.
Rd1 Nd7 16. Nxd5 Bxd5 17. Bxd5 exd5 18. Nf5 Nf6 19. b3 Rc8 20. Qe2 Kg8 21. Qf3
Qd7 22. e4 Bc5 23. Bh6 Nxe4 24. Qg4 g6 25. Ne3 Qe7 26. Nxd5 Qe5 27. Qxe4 Qxe4
28. Nf6+ Kh8 29. Nxe4 Rxe4 30. Re1 Rce8 31. Kf1 Bb4 32. Rxe4 Rxe4 33. Rd1 Rh4
34. Bg5 Rxh2 35. Bf6+ Kh7 36. Rd7 a5 37. Rxf7+ Kh6 38. Bg7+ Kh5 39. Rf8 Rh1+ 40.
Ke2 Rb1 41. Rb8 Bc5 42. Kf3 Rd1 43. Bf6 g5 44. g4+ Kg6 45. Be5 Rd2 46. Rg8+ Kf7
47. Rxg5 Rxf2+ 48. Ke4 Rxa2 49. Kd5 Rd2+ 50. Kc4 Rd8 51. Bc3 Ra8 52. Kb5 Ke6 53.
Rh5 Rg8 54. g5 Kf5 55. Bf6 Re8 56. Rh6 Rg8 57. Rh7 1/2-1/2